Capitales santas - Estadísticas

Estadísticas generales
  • Esta prueba ha sido intentada 8 veces
    4 desde el último reinicio
  • La puntuación promedio es 6 de 7
Estadísticas de respuestas
Capital % Correcto
Saint John’s
100%
San José
100%
San Marino
100%
Santo Domingo
100%
Santo Tomé
100%
Saint George’s
75%
San Salvador
50%
No se encontraron pruebas coincidentes
Distribución de puntuación
Porcentaje de gente con cada puntuación
Porcentaje por número respondido
Historial de tus puntuaciones
No has intentado esta prueba desde el último reinicio